000 00805nam a2200229Ii 4500
003 JO-AjNU
008 230605s9999||||xx |||||||||||||| ||und||
017 _a2011/11/4185
040 _aJO-AjNU
_bara
_erda
_cJO-AjNU
041 _aara
050 1 4 _aG141 2012
100 3 _aدرادكة، صالح,
_eauthor
_948970
245 0 0 _aدراسات في الجغرافيا التاريخية لبلاد الشام
250 _aط1
264 3 1 _aالقاهرة: وزارة الثقافة، 2012
300 _a376ص
336 _atext
_btxt
_2rdacontent
337 _aunmediated
_bn
_2rdamedia
338 _avolume
_bnc
_2rdacarrier
490 0 _aسلسلة كتب ثقافية وزارة الثقافة - الاردن؛ 164
650 4 _aالجغرافية التاريخية = بلاد الشام
_948971
999 _aA21480
_c25048
_d25048